000 00820nam a22002177a 4500
999 _c17731
_d17731
003 AR-CdUCM
008 190503b ||||| |||| 00| 0 spa d
040 _aMUNICIPALIDAD PROVINCIAL DEL CUSCO
_cBIBLIOTECA MUNICIPAL DEL CUSCO
082 _a869.56 /
_bS21
100 _aSánchez, Luis Alberto
_9401
245 _aEscritores representativos de América /
260 _aMadrid :
_bEdit. Gredos,
_c1957.
300 _a317 páginas ;
_c20 cm.
440 _aBiblioteca románica hispánica ;
_n1
_937885
505 _aContenido: t.1. Alonso de Ercilla y Zuñiga -- Garcilaso Inca de la Vega -- Bernardo de Balbuena -- La madre Castillo ...
650 _aAutores latinoamericanos
_9604
650 _aAutores peruanos
_9731
650 _aLiteratura latinoamericana
_91143
942 _2ddc
_cLIBROS
945 _arum
_d2019-05-09